In octacatl, in machiyotl (Record no. 8119)
[ view plain ]
| 000 -CABECERA | |
|---|---|
| campo de control de longitud fija | 00772nam a2200205 a 4500 |
| 001 - NÚMERO DE CONTROL | |
| campo de control | BRCA_8452 |
| 005 - FECHA Y HORA DE LA ÚLTIMA TRANSACCIÓN | |
| campo de control | 20190320210304.0 |
| 008 - DATOS DE LONGITUD FIJA--INFORMACIÓN GENERAL | |
| campo de control de longitud fija | 201115s2015----mx-a######---#000-0#spa-# |
| 041 ## - CÓDIGO DE LENGUA | |
| Código de lengua del texto/banda sonora o título independiente | spa |
| 044 ## - CÓDIGO DEL PAÍS DE LA ENTIDAD EDITORA/PRODUCTORA | |
| Código MARC del país | mx |
| 050 #4 - SIGNATURA TOPOGRÁFICA DE LA BIBLIOTECA DEL CONGRESO | |
| Número de clasificación | NK9114 |
| Número de documento/Ítem | .O28 2015 |
| 245 10 - MENCIÓN DE TÍTULO | |
| Título | In octacatl, in machiyotl |
| Resto del título | dechados de virtud y entereza |
| Mención de responsabilidad, etc. | investigación, curaduría y textos Alejandro de Ávila. |
| 260 ## - PUBLICACIÓN, DISTRIBUCIÓN, ETC. | |
| Lugar de publicación, distribución, etc. | Oaxaca, México |
| Nombre del editor, distribuidor, etc. | Museo Textil de Oaxaca |
| Fecha de publicación, distribución, etc. | 2015 |
| 300 ## - DESCRIPCIÓN FÍSICA | |
| Extensión | 155 p. |
| Otras características físicas | il. a color |
| Dimensiones | 24 cm. |
| 500 ## - NOTA GENERAL | |
| Nota general | La biblioteca cuenta con 4 ejemplares: 2do. ejemplar en el Área de Investigación, 3er. y 4to. ejemplar en Oficina Jefatura |
| 504 ## - NOTA DE BIBLIOGRAFÍA, ETC. | |
| Nota de bibliografía, etc. | Bibliografía : p. 150-155 |
| 650 14 - PUNTO DE ACCESO ADICIONAL DE MATERIA--TÉRMINO DE MATERIA | |
| Término de materia o nombre geográfico como elemento de entrada | Dechados (costura) |
| Subdivisión de forma | Catálogos |
| 9 (RLIN) | 21171 |
| 700 1# - PUNTO DE ACCESO ADICIONAL--NOMBRE DE PERSONA | |
| Nombre de persona | Ávila, Alejandro de |
| 9 (RLIN) | 21172 |
| 942 ## - ELEMENTOS DE PUNTO DE ACCESO ADICIONAL (KOHA) | |
| Fuente del sistema de clasificación o colocación | Library of Congress Classification |
| Tipo de ítem Koha | Libros |
| Estado de retiro | Estado de pérdida | Estado dañado | No para préstamo | Localización permanente | Ubicación/localización actual | Fecha de adquisición | Total de préstamos | Signatura topográfica completa | Código de barras | Fecha visto por última vez | Precio válido a partir de | Tipo de ítem Koha | Código de colección |
|---|---|---|---|---|---|---|---|---|---|---|---|---|---|
| El ejemplar forma parte de la colección y puede ser consultado según las políticas vigentes. | Biblioteca del Museo Franz Mayer (Rogerio Casas-Alatriste) | Biblioteca del Museo Franz Mayer (Rogerio Casas-Alatriste) | 20/11/2015 | NK9114 .O28 2015 | 02897 | 22/03/2019 | 22/03/2019 | Libros | |||||
| El ejemplar forma parte de la colección y puede ser consultado según las políticas vigentes. | Biblioteca del Museo Franz Mayer (Rogerio Casas-Alatriste) | Biblioteca del Museo Franz Mayer (Rogerio Casas-Alatriste) | 26/11/2015 | NK9114 .O28 2015 | 02898 | 22/03/2019 | 22/03/2019 | Libros | |||||
| El ejemplar forma parte de la colección y puede ser consultado según las políticas vigentes. | Biblioteca del Museo Franz Mayer (Rogerio Casas-Alatriste) | Biblioteca del Museo Franz Mayer (Rogerio Casas-Alatriste) | 12/08/2016 | NK9114 .O28 2015 | 02935 | 22/03/2019 | 22/03/2019 | Libros | Acervo General | ||||
| El ejemplar forma parte de la colección y puede ser consultado según las políticas vigentes. | Biblioteca del Museo Franz Mayer (Rogerio Casas-Alatriste) | Biblioteca del Museo Franz Mayer (Rogerio Casas-Alatriste) | 12/08/2016 | NK9114 .O28 2015 | 02936 | 22/03/2019 | 22/03/2019 | Libros | Acervo General |